000 00348nam a2200145Ia 4500
008 150201s2006 xx 000 0 und d
082 _a610
_bI06D
100 _aDELVES,PJ
245 _aROITT,S ESSENTIAL IMMUNOLOGY
250 _a11TH
260 _bBLACWELL
_aDELHI
_c2006
300 _a1-747
650 _aMEDICINE AND DIAGNOSIS
942 _2ddc
_cBK
_02
999 _c411
_d411